<?xml version="1.0" encoding="UTF-8"?>
<record
    xmlns:xsi="http://www.w3.org/2001/XMLSchema-instance"
    xsi:schemaLocation="http://www.loc.gov/MARC21/slim http://www.loc.gov/standards/marcxml/schema/MARC21slim.xsd"
    xmlns="http://www.loc.gov/MARC21/slim">

  <leader>00685nam a22001937a 4500</leader>
  <datafield tag="999" ind1=" " ind2=" ">
    <subfield code="c">171159</subfield>
    <subfield code="d">171159</subfield>
  </datafield>
  <controlfield tag="005">20200107160335.0</controlfield>
  <datafield tag="010" ind1=" " ind2=" ">
    <subfield code="a">A-551080</subfield>
  </datafield>
  <datafield tag="020" ind1=" " ind2=" ">
    <subfield code="c">55.00</subfield>
    <subfield code="a">-</subfield>
  </datafield>
  <datafield tag="035" ind1=" " ind2=" ">
    <subfield code="a">A-551080</subfield>
  </datafield>
  <datafield tag="037" ind1=" " ind2=" ">
    <subfield code="b">DBAD/PUB</subfield>
    <subfield code="a">-</subfield>
  </datafield>
  <datafield tag="082" ind1=" " ind2=" ">
    <subfield code="a">270.92</subfield>
  </datafield>
  <datafield tag="100" ind1=" " ind2=" ">
    <subfield code="a">&#x645;&#x62D;&#x645;&#x62F; &#x635;&#x628;&#x63A;&#x62A;&#x6C1; &#x627;&#x644;&#x644;&#x6C1; </subfield>
  </datafield>
  <datafield tag="245" ind1=" " ind2=" ">
    <subfield code="a">&#x62A;&#x635;&#x648; &#x641; &#x627; &#x648; &#x631; &#x635;&#x648; &#x641;&#x64A;&#x627; &#x6D3; &#x6A9;&#x631; &#x627; &#x645; </subfield>
    <subfield code="c">&#x645;&#x62D;&#x645;&#x62F; &#x635;&#x628;&#x63A;&#x62A;&#x6C1; &#x627;&#x644;&#x644;&#x6C1; </subfield>
  </datafield>
  <datafield tag="246" ind1=" " ind2=" ">
    <subfield code="b">Tasawoof Aur Sufia-e-Karam (Urdu)</subfield>
    <subfield code="a">by Mohd.Sibghatullah </subfield>
  </datafield>
  <datafield tag="260" ind1=" " ind2=" ">
    <subfield code="a">Benglore </subfield>
    <subfield code="b">Mohd.Sibghatullah </subfield>
    <subfield code="c">1992 &#x621;</subfield>
  </datafield>
  <datafield tag="270" ind1=" " ind2=" ">
    <subfield code="a">Farhat Manzil Number 22,First Cross V.R..Puram Raja Mahel</subfield>
    <subfield code="b">Guthli(Benglore)</subfield>
    <subfield code="e">5600030</subfield>
    <subfield code="k">-</subfield>
    <subfield code="l">-</subfield>
  </datafield>
  <datafield tag="300" ind1=" " ind2=" ">
    <subfield code="a">270 &#x635; </subfield>
    <subfield code="c">22 Cm(Hb)</subfield>
  </datafield>
  <datafield tag="942" ind1=" " ind2=" ">
    <subfield code="2">ddc</subfield>
    <subfield code="c">UR</subfield>
    <subfield code="h">270.92</subfield>
    <subfield code="m">&#x645; &#x62D; &#x645; </subfield>
  </datafield>
  <datafield tag="952" ind1=" " ind2=" ">
    <subfield code="0">0</subfield>
    <subfield code="1">0</subfield>
    <subfield code="4">0</subfield>
    <subfield code="7">0</subfield>
    <subfield code="8">NFIC</subfield>
    <subfield code="a">L</subfield>
    <subfield code="b">L</subfield>
    <subfield code="d">2020-01-07</subfield>
    <subfield code="e">BPPD/Ven.</subfield>
    <subfield code="g">55.00</subfield>
    <subfield code="l">0</subfield>
    <subfield code="o">270.92 &#x645; &#x62D; &#x645;</subfield>
    <subfield code="p">A-551080</subfield>
    <subfield code="r">2020-01-07 00:00:00</subfield>
    <subfield code="t">1</subfield>
    <subfield code="v">55.00</subfield>
    <subfield code="w">2020-01-07</subfield>
    <subfield code="y">UR</subfield>
  </datafield>
</record>
